000 00886nam a2200325 4500
001 284276
003 DO-SdBNP
005 20180220131112.0
007 284276
008 930318s1992 sp | |||| ||spa
016 7 _a
_2BPMSU
017 _a
_b
020 _a8434821095
035 _a
040 _aBPMSU
_bspa
_cBPMSU
_e
080 0 _a
100 1 _aMurciano, Carlos,
_d1931-
240 1 4 _a
245 1 4 _aLos habitantes de Llano Lejano /
_cCarlos Murciano ; ilustraciones de Montse Ginesta
_h
250 _a5ยช ed.
260 _aMadrid :
_bSM,
_c1992
300 _a59 p.;
_bil. :
_c20 cm.
490 1 _aEl barco de vapor.
_ablanca
_v16
500 _a
700 1 2 _aGinesta, Montserrat
_d1952-
_eil.
830 3 _aEl barco de vapor.
_pSerie blanca
_v16
942 _2ddc
_cBK
945 _aInventariado, 2018 /LP
956 _aVMATEO
_210
_320151125
_6BPMSU
_800151
999 _c8919
_d8919